Largest Cities in the United States by Area - Statistics

General Stats
  • This quiz has been taken 23 times
  • The average score is 7 of 15
Answer Stats
Area (Miles²) Answer Area (Kilometers²) % Correct
502.0 Los Angeles 1,300
90%
519.4 Phoenix 1,345
86%
672.0 Houston 1,740
81%
874.5 Jacksonville 2,265
76%
504.7 San Antonio 1,307
76%
1,944.5 Anchorage 5,036
62%
3,258.0 Juneau 8,438
48%
497.2 Nashville 1,288
48%
621.3 Oklahoma City 1,609
48%
4,774.5 Sitka 12,366
24%
497.5 Virginia Beach 1,289
14%
3,471.1 Wrangell 8,990
14%
741.4 Anaconda 1,920
5%
716.3 Butte 1,855
5%
778.2 Tribune 2,016
5%
No matching quizzes found
Score Distribution
Percent of People with Each Score
Percentile by Number Answered
Your Score History
You have not taken this quiz